000 00319nam a22001337a 4500
008 180925b xxu||||| |||| 00| 0 eng d
020 _a9780312325725
041 _aeng
080 _a941
100 _a16
101 _aHIS
245 _aBraiwash The Secret History Of Mind Controll
_cDomonic.S
942 _2udc
_cBK
999 _c48443
_d48443